000 00508nam a2200217Ia 4500
001 14476
003 GE_BSU
008 181216s||||||||xx |||||||||||||| ||und||
020 _a0141313420
040 _cGE_BSU
080 _a82-93
100 _aChapman,Linda
245 _aMy Secret Unicorn.Dreams Come True
245 _cIllustrated by Biz Hull
260 _aLondon
260 _bPuffin books
260 _c2002
300 _a119p.20cm.
653 _aMy Secret Unicorn.Dreams Come True
942 _cBK
999 _c47607
_d47607